Statistics for Three Countries In The World

Click here to take the quiz!

General Stats

  • This quiz has been taken 71 times
  • The average score is 14 of 18

Answer Stats

HintAnswer% Correct
Largest GDP(PPP)China
100%
Single-Party Communist Country And In AsiaChina
100%
Three Countries That Start With SwSwaziland
100%
Three Countries That Start With SwSwitzerland
95%
Countries In NAFTAUnited States
95%
Largest GDP(PPP)United States
95%
Countries That Do Not Officially Adopted S.I. System Of UnitsUnited States
95%
Countries In NAFTACanada
89%
Largest GDP(PPP)India
89%
Single-Party Communist Country And In AsiaVietnam
88%
Countries In NAFTAMexico
86%
Three Countries That Start With SwSweden
86%
Single-Party Communist Country And In AsiaLaos
75%
Countries In "Four Asian Tigers"Taiwan
65%
Countries In "Four Asian Tigers"Singapore
62%
Countries In "Four Asian Tigers"South Korea
55%
Countries That Do Not Officially Adopted S.I. System Of UnitsMyanmar
45%
Countries That Do Not Officially Adopted S.I. System Of UnitsLiberia
23%

Score Distribution

Percentile by Number Answered

Percent of People with Each Score

Your Score History

You have not taken this quiz